00708nam a2200193 i 4500001000400000100002800004245010000032250002000132260004600152300002900198505002000227650005300247700004400300020001500344040000800359041000800367008004100375856009800416bgj1 aSWAN, Michaeld(1936- )10aHow English works :ba grammar practice book : with answers /cMichael Swan ; Catherine Walter. a[11th impres.]. aOxford :bOxford University Press,c2002. a358 pp :bill. ;c25 cm. aIncludes index. 9aEnglish languagexTextbooks for foreign speakers1 aWALTER, Catherined(1946- ).eco-author a0194314561 cBPK aeng s uk f |000 0 eng  uhttp://koha.tu.koszalin.pl/cgi-bin/koha/opac-detail.pl?biblionumber=48574yKatalog online BPK